| 000 | 00656nam a22002177a 4500 | ||
|---|---|---|---|
| 003 | BD-DhJNU | ||
| 005 | 20260101050528.0 | ||
| 008 | 260101b |||||||| |||| 00| 0 eng d | ||
| 040 |
_aBD-DhJNU _bENG _cBD-DhJNU _dBD-DhJNU |
||
| 082 |
_223 _a347.9942 LAM |
||
| 100 | _aLangan, P. St. J. | ||
| 245 |
_aMaxwell on the interpretation of statutes / _cP. St. J. Langan |
||
| 250 | _a12th ed. | ||
| 260 |
_aBombay : _bN. M. Tripathi Private, _c2013. |
||
| 300 |
_axei, 390p. : _bill. ; _c21 cm. |
||
| 504 | _aIncludes index | ||
| 650 | _aLaw | ||
| 650 | _aGreat Britain | ||
| 650 |
_aGreat Britain _v Interpretation and construction |
||
| 942 |
_2ddc _cBK _n0 |
||
| 999 |
_c2471 _d2471 |
||